Dr.Shyamaprasad Mookherjee: The Nationalist, Educationist and Champion Humanity/ (Record no. 213320)

MARC details
000 -LEADER
fixed length control field 00569nam a22001817a 4500
005 - DATE AND TIME OF LATEST TRANSACTION
control field 20250917121804.0
010 ## - LCCN (DPL NO)
LC control number ENG-146849
020 ## - INTERNATIONAL STANDARD BOOK NUMBER
International Standard Book Number 9788182060654
Terms of availability 350.00
035 ## - SYSTEM CONTROL NUMBER
System control number EN-130381
037 ## - SOURCE OF ACQUISITION
Source of stock number/acquisition DBAD
082 ## - DEWEY DECIMAL CLASSIFICATION NUMBER
Classification number 921
100 ## - MAIN ENTRY--PERSONAL NAME
Personal name Bakshi, D.N.Guha
245 ## - TITLE STATEMENT
Title Dr.Shyamaprasad Mookherjee: The Nationalist, Educationist and Champion Humanity/
Statement of responsibility, etc D.N.Guha Bakshi
260 ## - PUBLICATION, DISTRIBUTION, ETC. (IMPRINT)
Place of publication, distribution, etc Kolkata
Name of publisher, distributor, etc Towards Freedom
Date of publication, distribution, etc 2022
270 ## - ADDRESS
Address M.K. Bagchi Towards Freedom
City Kolkata
Postal code 700091
300 ## - PHYSICAL DESCRIPTION
Extent 150p.
Dimensions 21cm(pbk)
942 ## - ADDED ENTRY ELEMENTS (KOHA)
Source of classification or shelving scheme Dewey Decimal Classification
Item type English Books
Classification part 921
Call number suffix BAK
Holdings
Withdrawn status Lost status Not for loan Home library Current library Date acquired Source of acquisition Cost, normal purchase price Full call number Cost, replacement price Koha item type Collection code Barcode Copy number
      Mobile Library Mobile Library 15/09/2025 DBAD 350.00 921 BAK 350.00 English Books      
      Mobile Library Mobile Library 15/09/2025 DBAD 350.00 921 BAK 350.00 English Books Non-fiction EN-130381 1

© Delhi Public Library
Hit Counter
free hit counter